Làm tốt công tác quần chúng trong tình hình mới: Kinh nghiệm Trung Quốc, Kinh nghiệm Việt Nam
v.v...
Đã lưu trong:
| Tác giả chính: | |
|---|---|
| Định dạng: | Sách |
| Năm xuất bản: |
H.
Chính trị Quốc gia
2012
|
| Chủ đề: | |
| Tags: |
Thêm thẻ
Không có thẻ, Hãy là người đầu tiên gắn thẻ bản ghi này!
|
| LEADER | 00806nam a2200181 4500 | ||
|---|---|---|---|
| 082 | |a 324.2597071 |b L104t | ||
| 100 | |a Phùng Hữu Phú | ||
| 245 | |a Làm tốt công tác quần chúng trong tình hình mới: Kinh nghiệm Trung Quốc, Kinh nghiệm Việt Nam |c Phùng Hữu Phú, Nguyễn Viết Thông, Bùi Văn Hưng | ||
| 260 | |a H. |b Chính trị Quốc gia |c 2012 | ||
| 300 | |a 407 tr. |c 21 cm. | ||
| 520 | |a v.v... | ||
| 653 | |a Đảng cộng sản Việt Nam | ||
| 653 | |a Đảng cộng sản trung Quốc | ||
| 653 | |a Công tác quần chúng | ||
| 653 | |a Công tác Đảng | ||
| 942 | |2 ddc |c SH | ||
| 999 | |c 8739 |d 8739 | ||
| 952 | |0 0 |1 0 |2 ddc |4 0 |6 324_259707100000000_L104T |7 0 |8 300 |9 71492 |a qbu |b qbu |c D2 |d 2015-04-25 |g 70000 |o 324.2597071 L104t. |p 8875.c1 |r 0000-00-00 |w 2015-04-25 |y SH |0 0 |6 324_259707100000000_L104T | ||